Κατάσταση ρύπανσης στον Βιστωνικό Όρμο (Θράκη) σε σχέση με την ανάπτυξη οστρακοκαλλιεργειών : πτυχιακή εργασία
Η περιοχή του Βιστωνικού Όρμου, στη Θράκη (Ελλάδα), μελετήθηκε ως προς την κατάσταση ρύπανσης, με τη χρήση των αναλύσεων σε μεσογειακά μύδια Mytilus galloprovincialis, αλλά και θαλασσινού νερού, στα πλαίσια του ελέγχου των υφιστάμενων εκεί μονάδων οστρακοκαλλιέργειας. Από τους παθογόνους μικροοργανι...
Αποθηκεύτηκε σε:
| Κύριος συγγραφέας: | |
|---|---|
| Συγγραφή απο Οργανισμό/Αρχή: | |
| Άλλοι συγγραφείς: | |
| Μορφή: | Thesis Βιβλίο |
| Γλώσσα: | Greek |
| Δημοσίευση: |
2015.
|
| Θέματα: | |
| Διαθέσιμο Online: | http://hdl.handle.net/11610/7244 |
| Ετικέτες: |
Προσθήκη ετικέτας
Δεν υπάρχουν, Καταχωρήστε ετικέτα πρώτοι!
|
MARC
| LEADER | 00000cam a2200000 a 4500 | ||
|---|---|---|---|
| 001 | 1/110173 | ||
| 008 | 160304s2015####gr d ||| |||| ||gre|| | ||
| 040 | |a GR-MyUa |b gre |c GR-MyUa |e AACR2 | ||
| 041 | 0 | |a gre | |
| 082 | 7 | |a 577.6 |2 (23) | |
| 100 | 1 | |a Αγγελοπούλου, Φανή. | |
| 245 | 1 | 0 | |a Κατάσταση ρύπανσης στον Βιστωνικό Όρμο (Θράκη) σε σχέση με την ανάπτυξη οστρακοκαλλιεργειών : |b πτυχιακή εργασία / |c Φανή Αγγελοπούλου ; επιβλέπων καθηγητής: Ευαγγελία Κρασακοπούλου. |
| 260 | |c 2015. | ||
| 300 | |a 100 σ. : |b πίν. διαγρ. ; |c 24 εκ. | ||
| 502 | |a Πτυχιακή εργασία – Πανεπιστήμιο Αιγαίου, Λέσβος, 2015. | ||
| 504 | |a Περιλαμβάνει βιβλιογραφία και παράρτημα. | ||
| 506 | 0 | |a Ηλεκτρονική διάθεση στο πλήρες κείμενο - ελεύθερης πρόσβασης. | |
| 520 | 8 | |a Η περιοχή του Βιστωνικού Όρμου, στη Θράκη (Ελλάδα), μελετήθηκε ως προς την κατάσταση ρύπανσης, με τη χρήση των αναλύσεων σε μεσογειακά μύδια Mytilus galloprovincialis, αλλά και θαλασσινού νερού, στα πλαίσια του ελέγχου των υφιστάμενων εκεί μονάδων οστρακοκαλλιέργειας. Από τους παθογόνους μικροοργανισμούς μόνο αυτοί της Escherichia coli είχαν παρουσία, με τιμές συγκέντρωσης γενικά χαμηλότερες από τις αποδεκτές, ενώ ανάλογες ήταν οι συγκεντρώσεις του τοξικού φυτοπλαγκτού στο νερό, που, παρά τις περιστασιακά υψηλές τιμές τους, δεν υπερβαίνουν τις αποδεκτές και δεν βιοσυσσωρεύονται στα μύδια, όπως δείχνει η απουσία θαλάσσιων βιοτοξινών σε αυτά. Οι συγκεντρώσεις των βαρέων μετάλλων (Cd, Hg και Pb) είναι σε πολύ χαμηλά επίπεδα, εξαιτίας της απουσίας βιομηχανικής δραστηριότητας στην περιοχή, ενώ οι συγκεντρώσεις των πολυκυκλικών αρωματικών υδρογονανθράκων (PAHs) είναι πρακτικά ανύπαρκτες. Οι συγκεντρώσεις θρεπτικών, εμφανίζονται να είναι σημαντικά υψηλότερες από αυτές της ανοικτής θάλασσας της περιοχής. Ως γενικό συμπέρασμα, επιβεβαιώνεται η χρησιμότητα των μυδιών Mytilus galloprovincialis ως βιοδεικτών ρύπανσης και η πολύ καλή κατάσταση του θαλάσσιου περιβάλλοντος του Βιστωνικού Όρμου, με τις πηγές ρύπανσης να εντοπίζονται κυρίως στο βόρειο τμήμα του, αντιπροσωπευόμενες από λιπάσματα και φυτοφάρμακα, μεταφερόμενα από τα εκβάλλοντα υδατορεύματα, καθώς και λύματα των γειτονικών οικισμών. | |
| 650 | 0 | |a Mollusk culture |z Thracian Sea. | |
| 650 | 0 | |a Aquaculture |x Environmental aspects. | |
| 650 | 0 | |a Mariculture |x Environmental aspects. | |
| 650 | 0 | |a Marine pollution |z Thracian Sea. | |
| 700 | 1 | |a Κρασακοπούλου, Ευαγγελία, |e dgsf | |
| 710 | 2 | |a Πανεπιστήμιο Αιγαίου |b Σχολή Περιβάλλοντος |b Τμήμα Επιστημών της Θάλασσας. | |
| 852 | |a INST |b LESVOS |c DIATR |e 20160304 |h 951 |p 005100057367 |q 005100057367 |t DIE |y 23 | ||
| 856 | |u http://hdl.handle.net/11610/7244 | ||
| 924 | |a Αγγελοπούλου |b Φανή |y Λέσβος |z 2015-06 | ||
| 970 | |a Τζαφέρη |b Ευαγγελία |z 04-03-2016 | ||